[Pokémon]Les CT/CS des versions Rouge, Bleue et Jaune - Statistiques

Statistiques générales
  • Ce quiz a été pris 20 fois
  • Le résultat moyen est 22 sur 55
Statistiques - réponses
Nom Réponse % Correct
CS04 Force
88%
CS03 Surf
88%
CS02 Vol
88%
CS01 Coupe
81%
CT38 Déflagration
81%
CS05 Flash
81%
CT25 Fatal-Foudre
75%
CT13 Laser Glace
75%
CT29 Psyko
75%
CT26 Séisme
69%
CT24 Tonnerre
69%
CT28 Tunnel
69%
CT01 Ultimapoing
69%
CT05 Ultimawashi
63%
CT14 Blizzard
56%
CT06 Toxik
56%
CT22 Lance-Soleil
50%
CT21 Méga-Sangsue
50%
CT15 Ultralaser
50%
CT45 Cage-Éclair
44%
CT48 Éboulement
44%
CT12 Pistolet à O
44%
CT11 Bulles d'O
38%
CT23 Draco-Rage
38%
CT08 Plaquage
38%
CT44 Repos
38%
CT27 Abîme
31%
CT09 Bélier
31%
CT03 Danse-Lames
31%
CT33 Protection
31%
CT32 Reflet
31%
CT50 Clonage
25%
CT10 Damoclès
25%
CT42 Dévorêve
25%
CT16 Jackpot
25%
CT34 Patience
25%
CT43 Piqué
25%
CT18 Riposte
25%
CT17 Sacrifice
25%
CT30 Téléport
25%
CT02 Coupe-Vent
19%
CT04 Cyclone
19%
CT36 Destruction
19%
CT41 E-Coque
19%
CT07 Empal'Korne
19%
CT47 Explosion
19%
CT35 Métronome
19%
CT49 Triplattaque
19%
CT37 Bomb'Œuf
13%
CT19 Frappe Atlas
13%
CT31 Copie
6%
CT40 Coud'Krâne
6%
CT20 Frénésie
6%
CT39 Météores
6%
CT46 Vague Psy
6%
Aucun quiz correspondant
Distribution des résultats
% des personnes avec chaque résultat
Percentile par nombre de réponses
Votre historique - résultats
Vous n’avez pas pris ce quiz